80 British Writers by Work (Slideshow) Quiz Stats

 Plays Quiz not verified by Sporcle

Score 0/80 Timer 20:00
0 Plays Today
% Correct
William Shakespeare
99.2%
Agatha Christie
95.5%
Jane Austen
91.6%
George Orwell
89.2%
Charles Dickens
89.2%
Charlotte Brontë
89.1%
Mary Shelley
87.9%
J. K. Rowling
86.7%
Emily Brontë
85.7%
Roald Dahl
84.5%
Geoffrey Chaucer
84.1%
J. R. R. Tolkien
84.1%
Rudyard Kipling
82.5%
C. S. Lewis
82%
Lewis Carroll
80.7%
Ian Fleming
78.9%
Aldous Huxley
78.2%
John Milton
77.8%
Douglas Adams
77.7%
Sir Arthur Conan Doyle
77.2%
Joseph Conrad
76.5%
Beatrix Potter
76.4%
J. M. Barrie
74.6%
H. G. Wells
73.9%
Virginia Woolf
73.1%
Thomas Hardy
71.5%
William Golding
71%
Jonathan Swift
69.3%
Daniel Defoe
68.3%
George Eliot
67%
Percy Bysshe Shelley
66.6%
Terry Pratchett
63.9%
Walter Scott
63.5%
Robert Louis Stevenson
62.8%
Robert Burns
62.2%
Thomas More
61.7%
William Makepeace Thackeray
56.6%
Dylan Thomas
56.5%
Anthony Burgess
55.4%
E. M. Forster
55.1%
% Correct
John le Carré
52.4%
Edmund Spenser
51.9%
Lord Byron
51.2%
Evelyn Waugh
50.4%
Arthur C. Clarke
50.1%
Zadie Smith
48.9%
Kenneth Grahame
45.9%
Neil Gaiman
44.1%
Christopher Marlowe
42.4%
Kazuo Ishiguro
41.3%
Graham Greene
41.2%
Saint Bede the Venerable
40.6%
Mary Wollstonecraft
40%
Ken Follett
38.1%
Thomas Hobbes
37.1%
William Blake
36.4%
T. E. Lawrence
34.5%
Alexander Pope
33.9%
Samuel Johnson
33.2%
John Keats
32.9%
William Wordsworth
30.7%
Alfred, Lord Tennyson
29.7%
Samuel Richardson
25.9%
W. H. Auden
25.5%
Iris Murdoch
25.2%
Ford Madox Ford
23.8%
Mervyn Peake
23.5%
Ted Hughes
23.1%
Malcolm Lowry
22.9%
Harold Pinter
22.8%
Bertrand Russell
20.4%
J. G. Ballard
19.9%
Francis Bacon
19.7%
Horace Walpole
18.9%
Doris Lessing
18.6%
V. S. Naipaul
16.8%
Frances Burney
14.9%
Hanif Kureishi
14.5%
Ben Jonson
13.8%
James Hadley Chase
5.9%

You're not logged in!

Compare scores with friends on all Sporcle quizzes.
OR
Log In

Sporcle TV

Today on Sporcle TV


Watch our educational content, quiz creation guides, and fun videos on Sporcle TV.

Show Comments

Extras

Top Quizzes Today


Score Distribution

Your Account Isn't Verified!

In order to create a playlist on Sporcle, you need to verify the email address you used during registration. Go to your Sporcle Settings to finish the process.

Report this User

Report this user for behavior that violates our Community Guidelines.

Details: